Introduction to Revenue Stamps, An (Record no. 196)
[ view plain ]
| 000 -LEADER | |
|---|---|
| fixed length control field | 00338nam a22001217a 4500 |
| 008 - FIXED-LENGTH DATA ELEMENTS--GENERAL INFORMATION | |
| fixed length control field | 110505b xxu||||| |||| 00| 0 eng d |
| 020 ## - INTERNATIONAL STANDARD BOOK NUMBER | |
| International Standard Book Number | 9781879767041 |
| 100 1# - MAIN ENTRY--AUTHOR'S NAME | |
| Author's Name | Castenholz, Bill |
| 245 10 - TITLE STATEMENT | |
| Title | Introduction to Revenue Stamps, An |
| 260 ## - PUBLICATION, DISTRIBUTION, ETC. (IMPRINT) | |
| Place of publication, distribution, etc. | US |
| Name of publisher, distributor, etc. | Castenholz & Sons |
| 650 #0 - TOPICAL TERM (Tag) | |
| Topical term or geographic name | Antiques & Collectibles |
| 650 #0 - TOPICAL TERM (Tag) | |
| Topical term or geographic name | Revenues | Revenue Stamps |
| Withdrawn status | Lost status | Source of classification or shelving scheme | Materials specified (bound volume or other part) | Damaged status | Koha normalized classification for sorting | Not for loan | Permanent Location | Current Location | Date acquired | Total Checkouts | Full call number | Barcode | Date last seen | Date last checked out | Copy number | Price effective from | Koha item type | Collection code | Shelving location |
|---|---|---|---|---|---|---|---|---|---|---|---|---|---|---|---|---|---|---|---|
| Paperback | G3701 R451 C349 | Northern Philatelic Library | Northern Philatelic Library | 05/05/2011 | 1 | G3701 .R451 C349 | 1000202 | 03/13/2016 | 03/13/2016 | 1 | 06/27/2015 | Books | |||||||
| G3701 R451 C349 | Northern Philatelic Library | Northern Philatelic Library | 06/25/2018 | 1 | G3701 .R451 C349 | 1005153 | 03/18/2021 | 01/09/2021 | 2 | 06/25/2018 | General Stacks |